[Event "chess.com IoM Masters"]
[Site "Douglas ENG"]
[Date "2016.10.05"]
[Round "5.53"]
[White "Gungl, Theo"]
[Black "Bianco, Valerio"]
[Result "1-0"]
[WhiteTitle "FM"]
[WhiteElo "2257"]
[BlackElo "2074"]
[WhiteFideId "24695653"]
[BlackFideId "800600"]
[EventDate "2016.10.01"]

1. e4 g6 2. d4 d6 3. f4 d5 4. e5 Nh6 5. Nf3 Bg4 6. Be3 Nf5 7. Bf2 h5 8. Bd3 e6
9. Nbd2 Nc6 10. c3 Be7 11. h3 Bxf3 12. Nxf3 h4 13. O-O Kf8 14. Qe1 Nb8 15. Rc1
Nd7 16. Kh2 Rc8 17. Bxf5 gxf5 18. Rg1 Ke8 19. g4 hxg3+ 20. Rxg3 Nf8 21. Qe3 Ng6
22. Rcg1 Kd7 23. Ng5 Bxg5 24. Rxg5 Rh6 25. Kg2 c6 26. Rh1 Qh8 27. Bg3 Qh7 28. c4
Rh8 29. cxd5 Rxh3 30. dxc6+ bxc6 31. d5 exd5 32. Qxa7+ Ke8 33. Qb8+ Ke7 34. Qd6+
Ke8 35. Qxc6+ Kf8 36. Qd6+ Kg7 37. Qf6+ Kg8 38. Qd8+ Kg7 39. Qf6+ Kg8 40. Rc1
Qh6 41. Rc8+ Kh7 42. Qxf7+ Qg7 43. Rxh8+ 1-0

[Event "chess.com IoM Masters"]
[Site "Douglas ENG"]
[Date "2016.10.05"]
[Round "5.54"]
[White "Pasini, Nicolo"]
[Black "Player, Edmund C"]
[Result "1-0"]
[WhiteElo "2101"]
[BlackElo "2227"]
[WhiteFideId "2809600"]
[BlackFideId "406520"]
[EventDate "2016.10.01"]

1. e4 e6 2. d4 d5 3. Nd2 Be7 4. c3 c5 5. dxc5 Bxc5 6. Bd3 Nc6 7. Ngf3 Nf6 8. Qe2
O-O 9. e5 Ng4 10. Nb3 Bxf2+ 11. Kd1 Qb6 12. Bxh7+ Kh8 13. Bd3 Be3 14. Ng5 Bxg5
15. Qxg4 Bxc1 16. Rxc1 Qe3 17. Kc2 Bd7 18. Rce1 Qh6 19. Rhf1 f5 20. exf6 Rxf6
21. Rxf6 gxf6 22. Nc5 Rg8 23. Qf3 Bc8 24. Nxe6 Ne5 25. Qxd5 Qxh2 26. Be4 Qh4 27.
g3 Qh2+ 28. Kb1 Bxe6 29. Qxe6 Qh5 30. Rh1 1-0

[Event "chess.com IoM Masters"]
[Site "Douglas ENG"]
[Date "2016.10.05"]
[Round "5.55"]
[White "Formento, Paolo"]
[Black "Scott, Luke"]
[Result "1-0"]
[WhiteTitle "FM"]
[WhiteElo "2326"]
[BlackElo "2018"]
[WhiteFideId "861162"]
[BlackFideId "2507986"]
[EventDate "2016.10.01"]

1. d4 e6 2. c4 d5 3. Nc3 c6 4. e3 Nf6 5. Nf3 Nbd7 6. Qc2 Be7 7. b3 O-O 8. Bd3 a6
9. c5 h6 10. Bb2 Qc7 11. h3 b6 12. cxb6 Qxb6 13. O-O Bb7 14. Na4 Qc7 15. Rfc1
Rac8 16. Qe2 a5 17. Rc2 Qb8 18. Qe1 Bb4 19. Bc3 c5 20. dxc5 Bc6 21. Bxb4 axb4
22. Nd4 Bxa4 23. bxa4 Nxc5 24. Bb5 Nfe4 25. Nc6 Qd6 26. Nxb4 Ra8 27. f3 Nf6 28.
Rac1 Nxa4 29. Rc6 Qd7 30. Na6 Nb2 31. Qb4 Nc4 32. R6xc4 Rxa6 33. Bxd7 dxc4 34.
Qxc4 1-0

[Event "chess.com IoM Masters"]
[Site "Douglas ENG"]
[Date "2016.10.05"]
[Round "5.56"]
[White "Strugnell, Carl"]
[Black "De Rosa, Mariagrazia"]
[Result "0-1"]
[WhiteTitle "FM"]
[BlackTitle "WFM"]
[WhiteElo "2278"]
[BlackElo "2102"]
[WhiteFideId "616753"]
[BlackFideId "815136"]
[EventDate "2016.10.01"]

1. e4 c5 2. Nf3 d6 3. d4 cxd4 4. Nxd4 Nf6 5. Nc3 a6 6. h3 e6 7. g4 h6 8. Bg2 Qc7
9. Qe2 Be7 10. Be3 Nc6 11. O-O-O Ne5 12. f4 Nc4 13. Kb1 Nxe3 14. Qxe3 Nd7 15. h4
Nb6 16. g5 Bd7 17. Qg3 hxg5 18. hxg5 O-O-O 19. Rxh8 Rxh8 20. f5 e5 21. Nb3 Bc6
22. Nd2 Rd8 23. Nf1 Na4 24. Nxa4 Bxa4 25. b3 Bc6 26. Ne3 Kb8 27. Qh4 Rc8 28. f6
gxf6 29. gxf6 Bd8 30. Nc4 Bd7 31. Rd2 Be6 32. Nxd6 Qa5 33. Qe1 Rc6 34. Qd1 Bb6
35. Nf5 Bxf5 36. exf5 Rxf6 37. Rd7 Bd4 38. Rxb7+ Kc8 39. Qh1 Rh6 40. Bh3 Qc3 0-1

[Event "chess.com IoM Masters"]
[Site "Douglas ENG"]
[Date "2016.10.05"]
[Round "5.57"]
[White "Taylor, Adam C"]
[Black "Sipos, Silvester"]
[Result "1-0"]
[WhiteTitle "FM"]
[WhiteElo "2236"]
[BlackElo "2006"]
[WhiteFideId "424668"]
[BlackFideId "444260"]
[EventDate "2016.10.01"]

1. c4 Nf6 2. g3 g6 3. Bg2 Bg7 4. Nf3 O-O 5. O-O d6 6. d4 Nc6 7. b3 e5 8. Bb2
exd4 9. Nxd4 Nxd4 10. Bxd4 Re8 11. Nc3 c6 12. Qd2 Qa5 13. Rad1 Qh5 14. Bxf6 Bxf6
15. Ne4 Bg7 16. Bf3 Bg4 17. Bxg4 Qxg4 18. f3 Qh3 19. Qxd6 Be5 20. Qd7 Qh6 21.
Rd3 Rad8 22. Qxb7 Rxd3 23. exd3 Qe3+ 24. Kg2 f5 25. Qxc6 1-0

[Event "chess.com IoM Masters"]
[Site "Douglas ENG"]
[Date "2016.10.05"]
[Round "5.58"]
[White "Harari, Zaki"]
[Black "Rocabado, Fernando"]
[Result "1-0"]
[WhiteElo "2061"]
[BlackElo "2187"]
[WhiteFideId "2002639"]
[BlackFideId "105341"]
[EventDate "2016.10.01"]

1. e4 e6 2. d4 d5 3. Nc3 Bb4 4. a3 Bxc3+ 5. bxc3 dxe4 6. Qg4 Nf6 7. Qxg7 Rg8 8.
Qh6 c5 9. Ne2 cxd4 10. cxd4 Nc6 11. Bb2 Bd7 12. Ng3 Rc8 13. O-O-O Na5 14. Kb1
Qc7 15. Rc1 Rg6 16. Qh4 Nc4 17. Bxc4 Qxc4 18. d5 Nxd5 19. Nxe4 Kf8 20. Rhd1 e5
21. Rd3 Be6 22. Rb3 a5 23. g3 a4 24. Rxb7 Qa6 25. Nc5 Rxc5 26. Qd8+ Kg7 27.
Bxe5+ Nf6 28. Rb8 Rb5+ 29. Ka1 Rxb8 30. Qxb8 Qc4 31. Qb2 h5 32. f4 Bf5 33. Qb4
Qxb4 34. axb4 Kh7 35. c4 Ng4 36. Bb2 Rg8 37. b5 Bd3 38. b6 Rc8 39. c5 Be4 40.
Re1 f5 41. Ba3 Nf6 42. Kb2 Kg6 43. Rd1 Bc6 44. Rd6 Kf7 45. Bb4 Ke7 46. Ka3 Kf7
47. Bc3 Nd7 48. b7 Rb8 49. Rxc6 Rxb7 50. Bb4 Nf6 51. Rb6 Rc7 52. Rd6 Ne4 53. Rh6
Kg7 54. Rxh5 Kg6 55. g4 fxg4 56. Re5 Nf2 57. Rg5+ Kf6 58. Bc3+ Ke6 59. Re5+ Kd7
60. f5 Kc6 61. f6 Nd3 62. Rf5 Nxc5 63. f7 Nd7 64. f8=Q Nxf8 65. Rxf8 Kd5 66. Be1
Rc2 67. Bg3 Rc3+ 68. Kb2 Rf3 69. Ra8 Rb3+ 70. Ka2 Rb4 71. Ka3 Rb7 72. Rxa4 Rg7
73. Kb3 Ke6 74. Kc3 Kf5 75. Rf4+ Kg5 76. Re4 Rd7 77. Re5+ Kg6 78. Kc4 Rd1 79.
Rd5 Rf1 80. Kd4 Kf6 81. Re5 Ra1 82. Ke3 Rf1 83. Re4 Rf3+ 84. Ke2 Kf5 85. Re3 1-0

[Event "chess.com IoM Masters"]
[Site "Douglas ENG"]
[Date "2016.10.05"]
[Round "5.59"]
[White "Hamer, Martyn"]
[Black "Herbold, Manfred"]
[Result "0-1"]
[BlackTitle "CM"]
[WhiteElo "2063"]
[BlackElo "2155"]
[WhiteFideId "413160"]
[BlackFideId "4682882"]
[EventDate "2016.10.01"]

1. e4 Nc6 2. Nf3 e5 3. Bc4 Nf6 4. Ng5 d5 5. exd5 Na5 6. Bb5+ c6 7. dxc6 bxc6 8.
Bd3 h6 9. Ne4 Nd5 10. O-O Be7 11. Re1 O-O 12. Ng3 Bc5 13. Nc3 Re8 14. Be4 Ne7
15. Na4 Bxf2+ 16. Kxf2 Qd4+ 17. Kf1 Qxa4 18. b3 Qd4 19. Rb1 f5 20. Bb2 Qd6 21.
Bf3 e4 22. Be2 Nd5 23. c4 Nf4 24. Qc2 c5 25. Qc3 Qc7 26. Kg1 Nc6 27. Nh5 Nxh5
28. Bxh5 Rd8 29. Re3 Nd4 30. b4 cxb4 31. Qc1 Qc5 32. Kh1 Bb7 33. Rh3 Rac8 34. d3
exd3 35. Rxd3 Ne6 36. Rxd8+ Rxd8 37. Qf1 a5 38. Re1 Nd4 39. Rd1 Ne6 40. Rxd8+
Nxd8 41. Qd3 Qe7 42. Be2 Be4 43. Qd2 Ne6 44. Bf3 Nc5 45. Qd4 Nd3 46. Bxe4 fxe4
47. Qd5+ Qf7 48. Bd4 Qxd5 49. cxd5 a4 0-1

[Event "chess.com IoM Masters"]
[Site "Douglas ENG"]
[Date "2016.10.05"]
[Round "5.60"]
[White "Vardan, Nagpal"]
[Black "Gagare, Shalmali"]
[Result "0-1"]
[BlackTitle "WIM"]
[WhiteElo "2117"]
[BlackElo "1989"]
[WhiteFideId "25089544"]
[BlackFideId "5038650"]
[EventDate "2016.10.01"]

1. d4 Nf6 2. c4 e6 3. Nf3 d5 4. cxd5 exd5 5. Nc3 Be7 6. Bg5 h6 7. Bh4 c6 8. Qc2
g6 9. e3 Bf5 10. Bd3 Bxd3 11. Qxd3 O-O 12. Bxf6 Bxf6 13. b4 Nd7 14. O-O b5 15.
a4 a6 16. a5 Be7 17. Na2 Bd6 18. Rfc1 Rc8 19. Rc2 Qe7 20. Qb3 Rc7 21. Ne1 Rfc8
22. Nd3 Kh7 23. Nac1 Qh4 24. g3 Qh3 25. f3 Nf6 26. Nf2 Qf5 27. Kg2 Re8 28. Nd1
h5 29. Nd3 h4 30. g4 h3+ 31. Kf2 Nxg4+ 32. Ke2 Nxh2 33. Ne1 Bg3 34. Qd3 Bxe1 35.
Qxf5 gxf5 36. Kxe1 Nxf3+ 37. Kf2 Ng5 38. Kg3 Kg6 39. Rac1 Re6 40. Rh2 Rc8 41.
Rhc2 f6 42. Kh2 Kh5 43. Kg3 Re4 44. Rxc6 Rg4+ 45. Kh2 Rg2+ 46. Kh1 Rxc6 47. Rxc6
Nf3 0-1

[Event "chess.com IoM Masters"]
[Site "Douglas ENG"]
[Date "2016.10.05"]
[Round "5.62"]
[White "Johnson, Paul A"]
[Black "McLaren, Brian"]
[Result "0-1"]
[WhiteElo "1893"]
[BlackElo "2149"]
[WhiteFideId "415677"]
[BlackFideId "2604612"]
[EventDate "2016.10.01"]

1. e4 Nf6 2. e5 Nd5 3. d4 d6 4. c4 Nb6 5. f4 dxe5 6. fxe5 c5 7. Be3 cxd4 8. Bxd4
Nc6 9. Nf3 Bg4 10. Bc3 Qxd1+ 11. Kxd1 Nd7 12. Be2 O-O-O 13. Nbd2 Bxf3 14. Bxf3
Ndxe5 15. Rf1 Nxf3 16. Rxf3 f6 17. Kc2 e5 18. Rg3 Nd4+ 19. Bxd4 Rxd4 20. Rf1 Bb4
21. Nf3 Rd7 22. a3 Bd6 23. Nd2 Rhd8 24. Ne4 Bf8 25. c5 Rd4 26. Nd6+ Bxd6 27.
cxd6 Rd7 28. Rh3 h6 29. Rc3+ Kd8 30. Rff3 R4xd6 31. Kb3 Ke7 32. g4 Rd4 33. h3
Ke6 34. Kc2 g6 35. Rc8 e4 36. Re3 f5 37. gxf5+ gxf5 38. Rh8 Rd2+ 39. Kb1 R7d3
40. Rxh6+ Ke5 41. Re1 Rd1+ 42. Rxd1 Rxd1+ 43. Kc2 Rd7 44. Rh8 e3 45. Re8+ Kf4
46. h4 Kf3 47. h5 e2 48. h6 f4 49. b4 Kf2 0-1

[Event "chess.com IoM Masters"]
[Site "Douglas ENG"]
[Date "2016.10.05"]
[Round "5.63"]
[White "Guo, Emma"]
[Black "Tiwari, Ashwani"]
[Result "1/2-1/2"]
[WhiteTitle "WIM"]
[BlackTitle "FM"]
[WhiteElo "2018"]
[BlackElo "2090"]
[WhiteFideId "3200795"]
[BlackFideId "5006961"]
[EventDate "2016.10.01"]

1. d4 f5 2. Nc3 d5 3. Bf4 Nf6 4. e3 e6 5. Nf3 Bd6 6. Ne5 O-O 7. Bd3 Nbd7 8. Nxd7
Bxd7 9. Ne2 Ne4 10. O-O Qe7 11. c4 c6 12. c5 Bb8 13. b4 e5 14. dxe5 g5 15. e6
gxf4 16. exd7 fxe3 17. fxe3 Be5 18. Nd4 Qxd7 19. Qh5 Bxd4 20. exd4 Qg7 21. Kh1
Qxd4 22. Qf3 Rae8 23. Rad1 Ng5 24. Qg3 Qg4 25. Bxf5 Qxg3 26. hxg3 Re5 27. g4 h5
28. a3 Ne4 29. Bxe4 Rxe4 30. gxh5 Rxf1+ 31. Rxf1 Rh4+ 32. Kg1 Rxh5 33. Rf3 Re5
34. Kf2 Kg7 35. a4 Re4 36. Rb3 a6 37. Kf3 Kg6 38. Rb1 Kf5 39. g3 Ke5 40. g4 Kf6
41. b5 axb5 42. axb5 Rc4 43. bxc6 bxc6 44. Rh1 Rxc5 45. Rh6+ Kg5 46. Rh5+ Kg6
47. Rh8 Rc4 48. Rd8 Kg5 49. Rg8+ Kf6 50. Rh8 Kg7 51. Rd8 Kf7 52. Rh8 c5 53. Rd8
Rd4 54. Rc8 c4 55. Rc6 Rd3+ 56. Kf4 c3 57. Kf5 Ke7 58. g5 Kd7 59. Rc5 Kd6 60.
Rc8 Kd7 61. Rc5 Kd6 62. Rc8 Kd7 1/2-1/2

[Event "chess.com IoM Masters"]
[Site "Douglas ENG"]
[Date "2016.10.05"]
[Round "5.64"]
[White "Birkett, Richard"]
[Black "Whitehead, David J"]
[Result "0-1"]
[WhiteElo "1996"]
[BlackElo "2021"]
[WhiteFideId "2401819"]
[BlackFideId "406813"]
[EventDate "2016.10.01"]

1. e4 c5 2. Nc3 a6 3. g3 b5 4. Bg2 Bb7 5. d3 e6 6. f4 d5 7. e5 h5 8. Nf3 g6 9.
O-O Nh6 10. Ne2 Be7 11. c3 Nc6 12. a4 b4 13. Qc2 Qb6 14. c4 b3 15. Qc3 d4 16.
Qd2 Nb4 17. a5 Qc7 18. Ne1 Bxg2 19. Kxg2 Ng4 20. Qd1 h4 21. h3 Qc6+ 22. Kg1 hxg3
23. Nxg3 Ne3 24. Bxe3 dxe3 25. Kh2 O-O-O 26. Qe2 Rh7 27. Rf3 Bh4 28. Qxe3 Rdh8
29. Rd1 g5 30. Ne4 Bxe1 31. Qxe1 Nc2 32. Qg1 Nd4 33. Rdf1 Nxf3+ 34. Rxf3 gxf4
35. Qxc5 Qxc5 36. Nxc5 Rh4 37. Nxb3 Kb7 38. Nd2 R8h5 39. d4 Kc6 40. Ne4 Rh8 41.
Nd6 Rb8 42. b3 f6 43. Ne4 fxe5 44. dxe5 Rh5 45. Rxf4 Rxb3 46. h4 Rxe5 47. Ng3
Rxa5 48. h5 Rg5 49. Ne2 Rxh5+ 50. Kg2 Rb2 51. Re4 Kd6 52. Kf3 Re5 53. c5+ Rxc5
54. Nf4 e5 55. Ng6 Rc3+ 56. Kg4 Rg2+ 57. Kh5 Rh3+ 58. Nh4 Rgh2 0-1

[Event "chess.com IoM Masters"]
[Site "Douglas ENG"]
[Date "2016.10.05"]
[Round "5.65"]
[White "Fathallah, Joe"]
[Black "Thomson, Neil"]
[Result "1-0"]
[WhiteElo "1990"]
[BlackElo "2002"]
[WhiteFideId "1801899"]
[BlackFideId "2402246"]
[EventDate "2016.10.01"]

1. d4 g6 2. c4 Nf6 3. Nc3 Bg7 4. e4 d6 5. f3 O-O 6. Be3 c5 7. dxc5 dxc5 8. Qxd8
Rxd8 9. Bxc5 Nc6 10. Nd5 Nd7 11. Nxe7+ Nxe7 12. Bxe7 Re8 13. Ba3 Bh6 14. Ne2 f5
15. Nc3 fxe4 16. Nxe4 Nf6 17. Bd3 Bf5 18. O-O Bxe4 19. Bxe4 Nxe4 20. fxe4 Rxe4
21. b3 Re2 22. Bc5 Bg7 23. Rfe1 Rc2 24. Rec1 Rd2 25. Bb4 Bd4+ 26. Kh1 Rb2 27.
Re1 a5 28. Bd6 Rd8 29. Be7 Re8 30. h3 Bc3 31. Re3 Rc2 32. Rd1 Bf6 33. Rd8 Rxd8
34. Bxd8 Bxd8 35. Re8+ Kf7 36. Rxd8 Ke7 37. Rb8 Rxa2 38. Rxb7+ Kd6 39. Rxh7 Kc5
40. Rb7 Rb2 41. Rb5+ Kd4 42. Rxa5 Rxb3 43. Rg5 Rb6 44. c5 Rc6 45. Kh2 Ke4 46.
Kg3 Ra6 47. h4 Ra3+ 48. Kg4 Ra6 49. h5 gxh5+ 50. Kxh5 Rc6 51. g4 Kf4 52. Rf5+
Ke4 53. Rf7 Rxc5+ 54. g5 Rc1 55. Kh6 Rh1+ 56. Kg7 Rg1 57. g6 Ke5 58. Kh7 Ke6 59.
Rf2 Rh1+ 60. Kg8 Rg1 61. Kg7 Rh1 62. Re2+ Kd7 63. Ra2 Rg1 64. Ra8 Ke7 65. Rh8
Rg2 66. Rh6 Rg1 67. Kg8 Rg2 68. Rh7+ Ke8 69. g7 Rg1 70. Kh8 1-0

[Event "chess.com IoM Masters"]
[Site "Douglas ENG"]
[Date "2016.10.06"]
[Round "6.2"]
[White "Hou, Yifan"]
[Black "Caruana, Fabiano"]
[Result "0-1"]
[WhiteTitle "GM"]
[BlackTitle "GM"]
[WhiteElo "2649"]
[BlackElo "2813"]
[WhiteFideId "8602980"]
[BlackFideId "2020009"]
[EventDate "2016.10.01"]

1. e4 e5 2. Nf3 Nc6 3. Bc4 Bc5 4. O-O Nf6 5. d3 d6 6. c3 a5 7. Re1 h6 8. a4 O-O
9. h3 Be6 10. Na3 Bxa3 11. Bxe6 Bxb2 12. Bxf7+ Rxf7 13. Bxb2 Qd7 14. c4 Raf8 15.
Nh4 Kh7 16. f4 exf4 17. d4 Re8 18. Qb1 Kg8 19. Nf3 Rfe7 20. d5 Ne5 21. Bxe5 Rxe5
22. Nxe5 Rxe5 23. Qxb7 f3 24. Qb3 fxg2 25. Qf3 Qe8 26. Ra2 Nxe4 27. Rae2 Ng5 28.
Qg4 Rxe2 29. Rxe2 Qxe2 30. Qxe2 Nxh3+ 31. Kh2 g1=Q+ 32. Kxh3 Kh7 33. Qd2 h5 34.
Qxa5 Qh1+ 35. Kg3 h4+ 36. Kf4 Qh2+ 37. Kf5 Qe5+ 38. Kg4 Qg3+ 39. Kf5 h3 0-1

[Event "chess.com IoM Masters"]
[Site "Douglas ENG"]
[Date "2016.10.06"]
[Round "6.3"]
[White "Bok, Benjamin"]
[Black "So, Wesley"]
[Result "1/2-1/2"]
[WhiteTitle "GM"]
[BlackTitle "GM"]
[WhiteElo "2594"]
[BlackElo "2794"]
[WhiteFideId "1017063"]
[BlackFideId "5202213"]
[EventDate "2016.10.01"]

1. e4 c6 2. d4 d5 3. e5 Bf5 4. Nf3 e6 5. Be2 Ne7 6. O-O c5 7. c4 dxc4 8. Na3
Nbc6 9. Nxc4 Nd5 10. Bg5 Qd7 11. Rc1 h6 12. Be3 b5 13. Na3 a6 14. dxc5 Be7 15.
Nc2 Nxe3 16. Nxe3 Be4 17. a4 Qb7 18. Bd3 Bxd3 19. Qxd3 O-O 20. axb5 Qxb5 21.
Qxb5 axb5 22. Rfd1 Rfc8 23. Rd7 Ra2 24. b4 Bg5 25. Nxg5 hxg5 26. Rb1 Rca8 27. h3
R8a4 28. Rb7 Rxb4 29. Rxb4 Nxb4 30. Rxb5 Nd3 31. Nc4 Rc2 32. Nd6 Nxe5 33. Ne4 f6
34. Rb8+ Kh7 35. Rb3 Rc4 36. f3 Nd7 37. Rb7 Nxc5 38. Rc7 Rxe4 39. fxe4 Nxe4 40.
Re7 e5 41. g4 Nc3 42. Kg2 Nd5 43. Ra7 Nf4+ 44. Kg3 Kg6 45. Rb7 Ne2+ 46. Kf2 Nf4
47. Kg3 Ne2+ 48. Kf2 Nf4 1/2-1/2

[Event "chess.com IoM Masters"]
[Site "Douglas ENG"]
[Date "2016.10.06"]
[Round "6.4"]
[White "Rodshtein, Maxim"]
[Black "Van Foreest, Jorden"]
[Result "1-0"]
[WhiteTitle "GM"]
[BlackTitle "GM"]
[WhiteElo "2687"]
[BlackElo "2615"]
[WhiteFideId "2806851"]
[BlackFideId "1039784"]
[EventDate "2016.10.01"]

1. d4 Nf6 2. c4 g6 3. Nf3 Bg7 4. g3 b6 5. Bg2 Bb7 6. O-O O-O 7. Qc2 e6 8. Nc3 d5
9. Ne5 Nbd7 10. Bg5 h6 11. Bf4 g5 12. Nxd7 Nxd7 13. Bd2 c6 14. cxd5 cxd5 15. e3
Nf6 16. a4 Ne8 17. Rfc1 Nd6 18. Nb5 Nxb5 19. axb5 Qd7 20. Qc7 Rfd8 21. h4 gxh4
22. gxh4 f5 23. Qg3 Qe7 24. Rc7 Rd7 25. Bb4 Qf7 26. Rac1 Rad8 27. Bd6 Kh7 28.
Rxd7 Rxd7 29. Bf3 Bf6 30. Kh2 Qe8 31. Be5 Qd8 32. Bxf6 Qxf6 33. Rc7 Qg7 34. Rxd7
Qxd7 35. Bh5 Qg7 36. Qb8 Qe7 37. Kg3 Qg7+ 38. Kh2 Qd7 39. Qf8 Bc8 40. Bf7 1-0

[Event "chess.com IoM Masters"]
[Site "Douglas ENG"]
[Date "2016.10.06"]
[Round "6.5"]
[White "Illingworth, Max"]
[Black "Vidit, Santosh Gujrathi"]
[Result "0-1"]
[WhiteTitle "GM"]
[BlackTitle "GM"]
[WhiteElo "2465"]
[BlackElo "2686"]
[WhiteFideId "3205207"]
[BlackFideId "5029465"]
[EventDate "2016.10.01"]

1. e4 c5 2. Nf3 Nc6 3. d4 cxd4 4. Nxd4 Nf6 5. Nc3 e5 6. Ndb5 d6 7. Bg5 a6 8. Na3
b5 9. Bxf6 gxf6 10. Nd5 f5 11. Bd3 Be6 12. O-O Bxd5 13. exd5 Ne7 14. Re1 Bg7 15.
Rb1 O-O 16. c4 e4 17. Bf1 Ng6 18. Re3 Re8 19. cxb5 f4 20. Rb3 e3 21. bxa6 Qe7
22. Be2 exf2+ 23. Kxf2 Nh4 24. Nc2 Rac8 25. Ne1 Bd4+ 26. Kf1 Nf5 27. Nf3 Ba7 28.
Bb5 Ne3+ 29. Rxe3 Qxe3 30. Qd2 Re4 31. Re1 Qxd2 32. Nxd2 Rb4 33. Bc6 Rxb2 34.
Re7 Rxd2 35. Rxa7 Rxa2 36. Rd7 Rxa6 37. Rxd6 Rb8 38. h4 Ra2 39. Kg1 f3 0-1

[Event "chess.com IoM Masters"]
[Site "Douglas ENG"]
[Date "2016.10.06"]
[Round "6.7"]
[White "Naiditsch, Arkadij"]
[Black "L'Ami, Erwin"]
[Result "1-0"]
[WhiteTitle "GM"]
[BlackTitle "GM"]
[WhiteElo "2684"]
[BlackElo "2605"]
[WhiteFideId "4650891"]
[BlackFideId "1007998"]
[EventDate "2016.10.01"]

1. c4 e5 2. Nc3 Nc6 3. g3 f5 4. Bg2 Nf6 5. a3 g6 6. d3 Bg7 7. Nd5 Nd4 8. h4 c6
9. Nxf6+ Qxf6 10. h5 g5 11. h6 Bf8 12. e3 Ne6 13. b4 a5 14. Bb2 axb4 15. Nf3 Ra5
16. c5 Rxc5 17. axb4 Rb5 18. O-O Bxb4 19. Nxe5 Rxe5 20. Qh5+ Kd8 21. f4 Bd6 22.
fxe5 Bxe5 23. d4 Bc7 24. Bh3 d5 25. Rxf5 Qe7 26. Ra8 Qb4 27. Rf1 1-0

[Event "chess.com IoM Masters"]
[Site "Douglas ENG"]
[Date "2016.10.06"]
[Round "6.8"]
[White "Movsesian, Sergei"]
[Black "Svane, Rasmus"]
[Result "1/2-1/2"]
[WhiteTitle "GM"]
[BlackTitle "GM"]
[WhiteElo "2677"]
[BlackElo "2552"]
[WhiteFideId "310204"]
[BlackFideId "4657101"]
[EventDate "2016.10.01"]

1. e4 e6 2. d4 d5 3. Nc3 Nf6 4. Bg5 dxe4 5. Nxe4 Be7 6. Bxf6 Bxf6 7. Nf3 Nd7 8.
Bd3 c5 9. Bb5 cxd4 10. Nxf6+ Qxf6 11. Qxd4 Qxd4 12. Nxd4 a6 13. Be2 Ne5 14. f4
Ng6 15. g3 Bd7 16. O-O-O O-O-O 17. Bh5 Rhf8 18. Rhe1 Ne7 19. Nf3 Nc6 20. Ng5 Be8
21. c3 Rxd1+ 22. Bxd1 h6 23. Ne4 Ne7 24. Nc5 Bc6 25. Nd3 Rd8 26. Ne5 Be8 27. a4
Nc6 28. Nc4 b5 29. Nd2 Kc7 30. Ne4 b4 31. Kc2 bxc3 32. Kxc3 a5 33. b3 Nb4 34.
Be2 Bc6 35. Nd2 Na2+ 36. Kc2 Nb4+ 37. Kc3 Na2+ 38. Kc2 Nb4+ 39. Kc3 1/2-1/2

[Event "chess.com IoM Masters"]
[Site "Douglas ENG"]
[Date "2016.10.06"]
[Round "6.9"]
[White "Brunello, Sabino"]
[Black "Fressinet, Laurent"]
[Result "1/2-1/2"]
[WhiteTitle "GM"]
[BlackTitle "GM"]
[WhiteElo "2566"]
[BlackElo "2676"]
[WhiteFideId "813613"]
[BlackFideId "608742"]
[EventDate "2016.10.01"]

1. d4 f5 2. g3 Nf6 3. Bg2 e6 4. c4 c6 5. Nf3 d5 6. O-O Bd6 7. b3 Qe7 8. Bb2 b6
9. Nbd2 Bb7 10. Rc1 O-O 11. Ne5 a5 12. Ndf3 Na6 13. Nd3 Ne4 14. Nfe5 c5 15. e3
Nb4 16. a4 Rac8 17. cxd5 exd5 18. f3 Nf6 19. Nxb4 axb4 20. Rf2 Qe6 21. Rfc2 Ba6
22. Bf1 Bxf1 23. Qxf1 Bxe5 24. dxe5 Nd7 25. f4 Rc6 26. Qb5 Ra8 27. Rd2 Nf8 28.
Rcd1 Ra5 29. Qe2 c4 30. bxc4 dxc4 31. Rd6 Rxd6 32. Rxd6 Qc8 33. Qd1 Ne6 34. g4
c3 35. gxf5 Nf8 36. Qb3+ Kh8 37. Bc1 Qxf5 38. Qxb4 Qg4+ 39. Kf2 Qh4+ 40. Ke2
Qg4+ 41. Kf2 Rxe5 42. Rxb6 Qh4+ 43. Kg2 Qg4+ 44. Kf2 Qh4+ 45. Kg2 Qg4+ 1/2-1/2

[Event "chess.com IoM Masters"]
[Site "Douglas ENG"]
[Date "2016.10.06"]
[Round "6.10"]
[White "Sargissian, Gabriel"]
[Black "Harika, Dronavalli"]
[Result "1/2-1/2"]
[WhiteTitle "GM"]
[BlackTitle "GM"]
[WhiteElo "2670"]
[BlackElo "2528"]
[WhiteFideId "13300881"]
[BlackFideId "5015197"]
[EventDate "2016.10.01"]

1. d4 d5 2. c4 e6 3. Nc3 c6 4. e3 Nf6 5. Nf3 Nbd7 6. Be2 Bd6 7. O-O O-O 8. a4 b6
9. a5 Rb8 10. Qc2 dxc4 11. Bxc4 bxa5 12. Rd1 Qc7 13. Bd2 e5 14. h3 exd4 15. Nxd4
Nc5 16. b3 Bh2+ 17. Kh1 Be5 18. Nce2 Nce4 19. Bxa5 Qb7 20. Kg1 c5 21. f4 Bxd4
22. exd4 Bf5 23. dxc5 Ng3 24. Qb2 Nxe2+ 25. Qxe2 Rfe8 26. Qf2 Be6 27. Bxe6 Rxe6
28. f5 Re5 29. b4 Rbe8 30. Rac1 Qc6 31. Qf3 Ne4 32. Rd4 h6 33. f6 g6 34. Rd8 a6
35. Rxe8+ Rxe8 36. Re1 Kh7 37. Bc7 Re6 38. Bf4 a5 39. bxa5 Qxc5+ 40. Kh2 Ng5 41.
Qg3 1/2-1/2

[Event "chess.com IoM Masters"]
[Site "Douglas ENG"]
[Date "2016.10.06"]
[Round "6.11"]
[White "Sunilduth Lyna, Narayanan"]
[Black "Melkumyan, Hrant"]
[Result "1/2-1/2"]
[WhiteTitle "GM"]
[BlackTitle "GM"]
[WhiteElo "2536"]
[BlackElo "2653"]
[WhiteFideId "5058422"]
[BlackFideId "13302485"]
[EventDate "2016.10.01"]

1. d4 Nf6 2. c4 e6 3. Nf3 b6 4. g3 Ba6 5. Qc2 Bb4+ 6. Bd2 Be7 7. e4 d5 8. cxd5
Bxf1 9. Kxf1 exd5 10. e5 Ne4 11. Kg2 Qd7 12. Nc3 Nxc3 13. Qxc3 O-O 14. b4 Rc8
15. Rhc1 a5 16. b5 Qxb5 17. Rab1 Bb4 18. Qc2 Qe8 19. Bxb4 axb4 20. Rxb4 b5 21.
Ng5 g6 22. Rb3 h6 23. Nf3 Ra4 24. Qd2 Kg7 25. h4 Rc4 26. Re1 Nc6 27. Rxb5 Nxd4
28. Nxd4 c5 29. Nf5+ gxf5 30. Rb6 Rc6 31. Qxd5 Rxb6 32. Qxc4 Qc6+ 33. Kg1 Rb4
34. Qd3 Qe6 35. Qd6 Qxd6 36. exd6 Rd4 37. Rc1 Rxd6 38. Rxc5 Ra6 39. Rc2 Kf6 40.
Kg2 Ra3 41. f3 Kg6 42. Rf2 Kf6 43. Kh3 Kg6 44. g4 fxg4+ 45. Kxg4 h5+ 46. Kg3 Ra4
47. Rb2 f6 48. Rh2 Kf5 1/2-1/2

[Event "chess.com IoM Masters"]
[Site "Douglas ENG"]
[Date "2016.10.06"]
[Round "6.12"]
[White "Salem, A.R. Saleh"]
[Black "Batsiashvili, Nino"]
[Result "1-0"]
[WhiteTitle "GM"]
[BlackTitle "IM"]
[WhiteElo "2650"]
[BlackElo "2480"]
[WhiteFideId "9301348"]
[BlackFideId "13602993"]
[EventDate "2016.10.01"]

1. d4 Nf6 2. c4 e6 3. Nc3 Bb4 4. e3 c6 5. a3 Ba5 6. b4 Bc7 7. e4 a5 8. Rb1 axb4
9. axb4 e5 10. Nf3 d6 11. Be2 O-O 12. O-O exd4 13. Nxd4 Re8 14. Bg5 h6 15. Bh4
g5 16. Bg3 Nxe4 17. Nxe4 Rxe4 18. Bf3 Re8 19. b5 c5 20. b6 cxd4 21. bxc7 Qxc7
22. Bd5 Qe7 23. Qh5 Be6 24. Qxh6 Bxd5 25. cxd5 Nd7 26. f4 g4 27. Qh5 Nf6 28.
Qg5+ Kf8 29. Bh4 Ng8 30. Qxg4 Qe4 31. Rxb7 Qxd5 32. Rb2 f5 33. Qh5 d3 34. Rd2
Ra3 35. h3 Re3 36. Rb1 Ra8 37. Rdb2 Rae8 38. Rb5 Qe6 39. Rxf5+ Kg7 40. Rb7+ Re7
41. Bxe7 1-0